00800nam a2200217Ia 4500003000900000008004100009020001800050040001600068080001500084245017700099260003400276300001600310650003700326650002000363650003700383650001900420700003000439942000700469999001500476952009100491IN-BaIIA211028s9999 xx 000 0 eng d a0-201-09924-1 cIIA Library a92:52bWOO 0aSome strangeness in the proportion a centennial symposium to celebrate the achievements of Albert Einsteincedited by Harry Woolf  aReadingbAddison-Wesleyc1980 axxxi, 539p. aAlbert Einstein Biography910848 abiography91224 aBiography-Albert Einstein910849 aNASA Thesaurus aWoolf, Harry,. ed.911743 cBK c6856d6856 00104070aBANbBANcGENd1981-09-14l0o92:52/ WOOp7621r2021-11-05w1981-09-14yBK